Statistics for One letter, one country part one

Click here to take the quiz!

General Stats

  • This quiz has been taken 38 times
  • The average score is 12 of 15

Answer Stats

Answer% Correct
Australia
100%
Brazil
97%
Canada
97%
Drc
97%
Finland
89%
Ireland
89%
New Zealand
89%
Egypt
81%
Georgia
72%
Latvia
67%
Hungary
64%
Kazakhstan
64%
Oman
56%
Jamaica
53%
Micronesia
53%

Score Distribution

Percentile by Number Answered

Percent of People with Each Score

Your Score History

You have not taken this quiz